Missing Word: ABC Shows (2000s) Quiz Stats

 Plays Quiz Updated Oct 14, 2016

Challenge
Share
Tweet
Embed
Score 0/24 Timer 02:00
0 Plays Today
Hint Answer % Correct
Grey's _____Anatomy
98.8%
Desperate _____Housewives
96.3%
Dancing with the _____Stars
90.9%
Modern _____Family
89.7%
_____ SwapWife
89.6%
_____ Makeover: Home EditionExtreme
87.5%
Jimmy _____ Live!Kimmel
85.8%
_____ BettyUgly
85.7%
Cougar _____Town
82.8%
My Wife and _____Kids
75.5%
According to _____Jim
73.4%
_____ LegalBoston
73.2%
Hint Answer % Correct
_____ Than PerfectLess
72.7%
_____ DaisiesPushing
71.4%
Private _____Practice
67.9%
_____ & FaithHope
65.5%
Better _____ TedOff
56.5%
_____ TankShark
53.8%
George _____Lopez
39.3%
Samantha _____Who?
34.9%
_____ in TreesMen
29.6%
Flash_____Forward
26.9%
_____ StoneEli
9.6%
Kingdom _____Hospital
3.3%

Today's Daily Dose

You're not logged in!

Compare scores with friends on all Sporcle quizzes.
Join for Free
OR
Log In

You Might Also Like...

Show Comments

Extras

Top Quizzes Today


Score Distribution

Your Account Isn't Verified!

In order to create a playlist on Sporcle, you need to verify the email address you used during registration. Go to your Sporcle Settings to finish the process.

Report this User

Report this user for behavior that violates our Community Guidelines.

Details: